000 00599nam a22001937a 4500
003 OSt
005 20140310182527.0
008 130812t xxu||||| |||| 00| 0 eng d
020 _a9789715848961
050 _aPE 1408
_b.Sa26 2010
100 _aSan Miguel, J. G. :
_98628
245 _aSmart Writing :
_ban essential guide to college composition /
_cJ. G. San Miguel
260 _aPhilippines :
_bC & E Publishing, Inc.,
_cc2010.
300 _aviii, 309 p. :
_bill. ;
_c27 cm.
650 _aCollege Composition.
_99554
650 _aEnglish Writing.
_99555
942 _2lcc
_cSSLC
999 _c14083
_d14083